Queremos un desarrollo "a la tica" /
Guardado en:
| Hovedforfatter: | |
|---|---|
| Format: | Texto |
| Fag: | |
| Tags: |
Tilføj Tag
Ingen Tags, Vær først til at tagge denne postø!
|
MARC
| LEADER | 00000 a a2200000 04500 | ||
|---|---|---|---|
| 001 | 7073 | ||
| 003 | |||
| 040 | |||
| 100 | |a Figueres Olsen, José María | ||
| 245 | |a Queremos un desarrollo "a la tica" / |c José María Figueres Olsen | ||
| 650 | |a DESARROLLO SUSTENTABLE | ||
| 650 | |a ELECCIONES | ||
| 650 | |a FMI | ||
| 650 | |a NEOLIBERALISMO | ||
| 650 | |a INVERSIONES PUBLICAS | ||
| 650 | |a ECONOMIA | ||
| 650 | |a ESTABILIZACION ECONOMICA | ||
| 650 | |a ESTADO | ||
| 650 | |a EDUCACION SUPERIOR | ||
| 773 | |g volumen 13, número 146; páginas 36-41 | ||
| 999 | |c 22853 |d 22853 | ||
